000 00437nam a22001817a 4500
003 MPLRDC
005 20220104123554.0
008 210129b ||||| |||| 00| 0 eng d
082 _a411.3 BJXL v.2
100 _a草间正夫
245 _a维他命C 健康法
_c
250 _a初版
260 _a
_b正义出版社
_c1987
300 _b
490 _a保健系列. 2
650 _a营养与食品
942 _cBK
_o411.3 BJXL v.2
999 _c12482
_d12472